Zonas de paz locales /

Salvato in:
Dettagli Bibliografici
Autore principale: Hernández, Oscar
Enti autori: Instituto Salvadoreño de Derechos Humanos, ISDEH
Altri autori: Mendrano, Celia, Morollón, Mar, López Reyes, Ramón, Castillo, Fabio
Natura: testo
Pubblicazione: El Salvador: s.e.
Soggetti:
Tags: Aggiungi Tag
Nessun Tag, puoi essere il primo ad aggiungerne!!

MARC

LEADER 00000 a a2200000 04500
001 27073
003
040
020 |a [sin ISBN]  
022 |a [sin ISBN]  
090 |a 183400  
100 |a Hernández, Oscar  
110 |a Instituto Salvadoreño de Derechos Humanos  
245 |a Zonas de paz locales /  |c Instituto Salvadoreño de Derechos Humanos  
260 |a El Salvador:   |b s.e.  
300 |a 81 p.   |b il.  
650 |a GUERRA  
650 |a PAZ  
650 |a EL SALVADOR  
700 |a Mendrano, Celia  
700 |a Morollón, Mar  
700 |a López Reyes, Ramón  
700 |a Castillo, Fabio  
710 |a ISDEH  
999 |c 1710  |d 1710